Word Ladder: Animal Farm Plot Spoiler Quiz Stats

 Plays Quiz Updated Feb 16, 2013

Support Sporcle.
Go Orange.
Score 0/49 Timer 04:00
0 Plays Today
Clue 4-Letter Word % Correct
Famed know nothing in books?☭ SNOW ☭
97.5%
Informal word for nasal mucusSNOT
97.2%
Doc Martens' product?BOOT
97.2%
Whitman or Disney, e.g.WALT
96.1%
What a chimney sweep encountersSOOT
95.8%
China has a Great one WALL
94.9%
DesireWANT
94.5%
To discoverFIND
92.3%
A financial penaltyFINE
90.7%
'_____ Get Fooled Again!'☭ WON'T ☭
90.3%
Safe place to store money (hopefully)BANK
90.1%
Walking aidCANE
89.9%
Style/size of TypefaceFONT
88.5%
Ice cream carrierCONE
87%
____ du Lac, WisconsinFOND
86.8%
Fancy way to consume foodDINE
86.7%
'_____ in the U.S.S.R.'☭ BACK ☭
84.2%
He broke Batman's backBANE
83.9%
Coffee cupsMUGS
82.2%
To approach☭ COME ☭
81.4%
'_____ the Herald Angels Sing'HARK
80.1%
Cliche command for sled dogsMUSH
79.8%
Baroque composerBACH
79.8%
Harry's scar shapeBOLT
79.8%
To break into other computersHACK
79.8%
Clue 4-Letter Word % Correct
Tote, shopping and duffleBAGS
79.6%
Old McDonald's locale☭ FARM ☭
79.3%
To quiet someoneHUSH
79.2%
What a boat pulling another boat doesTUGS
78.8%
A way to prepare potatoesMASH
78.6%
Lowest singing voiceBASS
78.2%
Spray paints, perhaps☭ TAGS ☭
77.3%
No fuss, no _____MUSS
76.9%
FDR's coinDIME
75.3%
Foot or basket follower☭ BALL ☭
75.2%
One form of cannabis☭ HASH ☭
74.7%
Injury, damageHARM
74.5%
To blissfully warm in the sunBASK
74.3%
____ weevilBOLL
73.3%
An errand or choreTASK
72.7%
A pin used to hold something in placeTACK
72.6%
Astro or King follower, onceDOME
72.2%
Passenger's pay on public transitFARE
69.9%
XY, chromosomally speakingMALE
68.6%
A complex full of storesMALL
68.4%
Simplistically put: velocity ÷ speed of soundMACH
67%
Germanic demon (that oft comes at night)MARE
59.5%
Air or snail followerMAIL
59.3%
If epic, it may wind up on YouTube☭ FAIL ☭
47.9%

Today's Daily Dose

Missing Word
Candy Slogans

Quick Pick
Batman's Robins

Get the Picture
Streaming Services

From the Vault

According to Netflix: TV Dramas

by jencon117

If you're addicted to Netflix like the rest of us, chances are you've already read most of these descriptions.
Remove Ads.
Support Sporcle.
Get the best of Sporcle when you Go Orange. This ad-free experience offers more features, more stats, and more fun while also helping to support Sporcle. Thank you for becoming a member.

Show Comments

Extras

Top Quizzes Today


Score Distribution

Your Account Isn't Verified!

In order to create a playlist on Sporcle, you need to verify the email address you used during registration. Go to your Sporcle Settings to finish the process.

Report this User

Report this user for behavior that violates our Community Guidelines.

Details: